000 01175nam a22002297a 4500
999 _c56966
_d56966
003 Ge_BSU
005 20190911131639.0
008 190911s2018 ||||| |||| 00| 0 geo d
020 _a9789941803666 (ნაწ. 1)
041 _ageo
080 _a821.353.1-4 +342 ა-94
100 _aაქუბარდია, თამაზ.
_93955
245 _aსახელისუფლებო ძალაუფლების ანატომია : მეცნიერულ-პუბლიცისტური ესსე. ნაწ. 1 /
_cთამაზ აქუბარდია ; რედ : დავით აქუბარდია.
264 _aთბილისი :
_b ივერიონი,
_c2018.
300 _a212 გვ. .;
_c20 სმ.
504 _aბიბლიოგრ.: გვ. 212
653 _aქართული ესსე.
653 _aქართული პუბლიცისტური წერილები.
653 _aსახელმწიფო ხელისუფლება
700 _aაქუბარდია, დავით.
_eრედაქტორი
_93960
942 _2udc
_cBK